| 000 | 01215naa a22003017a 4500 | ||
|---|---|---|---|
| 001 | BR9401487 | ||
| 003 | BR-BrBNA | ||
| 005 | 20240918180921.0 | ||
| 007 | ta | ||
| 008 | 230509b bl.||||| |||| 00| 0 por d | ||
| 040 |
_aBR-BrBNA _bpor _cBiblioteca Nacional de Agricultura |
||
| 041 | _a(Pt) | ||
| 072 |
_aQ52 _b0140 _b0120 _b0170 _b0110 |
||
| 090 | _aQ52 BR9401487 | ||
| 100 | 1 | _aZinn, R.A. | |
| 111 | 1 |
_a29. Reuniao Anual da Sociedade Brasileira de Zootecnia _cLavras, MG (Brazil) _d20-23 Jul 1992 |
|
| 245 | 1 | _aA influencia do processamento a vapor do milho, sorgo, cevada e aveia sobre a utilizacao em bovinos | |
| 260 | 3 |
_aLavras, MG (Brasil): _c1992. |
|
| 500 | _aTeixeira, J.C.; Neiva, R.S.; Coords. Palestras do Simposio Internacional de Ruminantes Lavras, MG (Brasil): 1992. p. 338-381 (BR9401487-AM)Q52 | ||
| 650 | _aMilho | ||
| 650 | _aSorgo | ||
| 650 | _aCevada | ||
| 650 | _aAveia | ||
| 650 | _aProcessamento | ||
| 773 | 0 |
_tPalestras do Simposio Internacional de Ruminantes _aTeixeira, J.C.; Neiva, R.S.; Coords.. Sociedade Brasileira de Zootecnia, Lavras, MG (Brasil) _wQ52 BR9401487 _gLavras, MG (Brasil), 1992. p. 338-381 |
|
| 909 |
_a202404 _bLucia _c55 _dLucia Elande |
||
| 942 |
_cAM _2AGRIS |
||
| 999 |
_c322674 _d322674 |
||